000 00560nam a2200205 i 4500
001 bgj
100 1 _aBURGESS, Sally
245 1 0 _aFirst Certificate Gold /
_cSally Burgess with Richard Acklam.
260 _aHarlow, England :
_bLongman,
_c2000.
650 9 _aEnglish language
_xFCE
650 9 _aEnglish language
655 _aExaminations, questions, etc.
700 1 _aACKLAM, Richard.
_eco-author
020 _a0582344573
040 _cBPK
041 0 _aeng
920 _a0-582-34457-3
942 _cCD
008 s uk f |000 0 eng
999 _c49300
_d49300
856 _uhttp://koha.tu.koszalin.pl/cgi-bin/koha/opac-detail.pl?biblionumber=49300
_yKatalog online BPK